000 01962nam a22002057a 4500
001 991107430586306196
008 241120s2024 xx ||||||fre d
020 _a9782898331398
040 _ctbs
050 4 _aPQ3919.2
100 _aPleau, Jean-Philippe
_924944
245 1 0 _aRue Duplessis
_b: Ma Petite Noirceur : roman (mettons)
_c/ Jean-Philippe Pleau.
260 _aMontreal
_bLux
_c2024.
300 _a239 pages
520 _aNé d’un père analphabète et d’une mère peu scolarisée, Jean-Philippe Pleau a grandi à Drummondville, rue Duplessis, dans une famille ouvrière. Les circonstances de sa vie lui ont cependant permis de poursuivre des études universitaires en sociologie et de devenir animateur de radio. Il est aujourd’hui étranger au monde d’où il vient, sans vraiment appartenir à celui dans lequel il a abouti. Rue Duplessis est l’histoire de cette déchirure sociale. Un récit émouvant où Jean-Philippe Pleau raconte sa migration intérieure, parfois violente, souvent étonnante, jamais banale. Le roman d’une vie qui se lit comme une lettre d’amour adressée à ses parents: un amour séparé par une distance de classe.
520 _aBorn to an illiterate father and a mother with little formal education, Jean-Philippe Pleau grew up in Drummondville, on Duplessis Street, in a working-class family. However, the circumstances of his life allowed him to pursue university studies in sociology and become a radio host. Today, he is a stranger to the world he came from, without truly belonging to the one he has entered. Rue Duplessis is the story of this social rupture—an emotional narrative in which Jean-Philippe Pleau recounts his inner migration: sometimes violent, often surprising, never ordinary. A life story that reads like a love letter to his parents—a love divided by class differences.
655 0 _aFrench novels
_923601
942 _2lcc
949 _wLC
_i31761118981836
_lROBARTS
_tBook
999 _c4549
_d4549